000 01404nam a2200361 a 4500
001 ebr10452821
003 CaPaEBR
006 m u
007 cr cn|||||||||
008 090508s2009 be ab sb 000 0 eng d
010 _z 2009430430
020 _z9789058676900
020 _z9058676900
020 _z9789461660510 (e-book)
040 _aCaPaEBR
_cCaPaEBR
035 _a(OCoLC)715171743
050 1 4 _aCC75.7
_b.I86 2009eb
245 0 0 _aIsotopes in vitreous materials
_h[electronic resource] /
_cedited by Patrick Degryse, Julian Henderson and Greg Hodgins.
260 _aLeuven, Belgium :
_bLeuven University Press,
_cc2009.
300 _a165 p. :
_bill., maps.
490 1 _aStudies in archaeological sciences ;
_v1
504 _aIncludes bibliographical references.
533 _aElectronic reproduction.
_bPalo Alto, Calif. :
_cebrary,
_d2013.
_nAvailable via World Wide Web.
_nAccess may be limited to ebrary affiliated libraries.
650 0 _aArchaeometry
_xMethodology.
650 0 _aGlass
_xAnalysis.
655 7 _aElectronic books.
_2local
700 1 _aDegryse, Patrick.
700 1 _aHenderson, Julian,
_d1953-
700 1 _aHodgins, Gregory.
710 2 _aebrary, Inc.
830 0 _aStudies in archaeological sciences ;
_v1.
856 4 0 _uhttp://site.ebrary.com/lib/rucke/Doc?id=10452821
_zAn electronic book accessible through the World Wide Web; click to view
999 _c249998
_d249998